Houbová terapie

Saved in:
Bibliographic Details
Main Author Golasovská, Monika
Format Electronic eBook
LanguageCzech
Published Grada 2026
Edition1. elektronické vydání
Subjects
Online AccessDostupné v BOOKPORT po přihlášení pomocí eduID
ISBN978-80-271-6562-9
978-80-271-5942-0
Physical Description1 online zdroj (216 stran)

Cover

LEADER 00000nam a2200000 i 4500
001 bkp15040
003 CZ-prgp
005 20260522151934.0
006 m o d
007 cr cn
008 260522s2026 xr o 000 0 cze
020 |a 978-80-271-6562-9  |c 484 Kč  |q (online ; pdf) 
020 |a 978-80-271-5942-0  |c 569 Kč  |q (print) 
040 |a Grada  |b cze  |e rda 
100 1 |a Golasovská, Monika 
245 1 0 |a Houbová terapie  |c Monika Golasovská 
250 |a 1. elektronické vydání 
264 1 |b Grada  |c 2026 
300 |a 1 online zdroj (216 stran) 
336 |a text  |b txt  |2 rdacontent 
337 |a počítač  |b c  |2 rdamedia 
338 |a online zdroj  |b cr  |2 rdacarrier 
520 3 |a Seznamte se s jedinečným praktickým průvodcem světem léčivých hub, které rostou přímo kolem nás. Zjistěte, jak běžné druhy správně poznat, sbírat a zpracovat, a především jak z nich připravit účinné tinktury, odvary, prášky i přírodní kosmetiku. Nahlédněte do unikátního souboru receptů a postupů, které autorka sama používá a ověřuje v praxi. 
650 0 4 |a Příroda kolem nás 
856 4 0 |u https://www.bookport.cz/AccountSaml/SignIn/?idp=https://shibboleth.utb.cz/idp/shibboleth&returnUrl=/kniha/houbova-terapie-16102/  |y Dostupné v BOOKPORT po přihlášení pomocí eduID